"The Wall" 1979 Pink Floyd - Statistics

General Stats
  • This quiz has been taken 140 times
  • The average score is 19 of 26
Answer Stats
Songs % Correct
Mother
94%
In the Flesh?
92%
In the Flesh
92%
Another Brick in the Wall Part 1
89%
Another Brick in the Wall Part 2
88%
Hey You
86%
The Thin Ice
86%
Another Brick in the Wall Part 3
82%
The Trial
81%
Goodbye Blue Sky
78%
Young Lust
78%
Vera
75%
Run Like Hell
74%
The Happiest Days of Our Lives
74%
Is There Anybody Out There?
73%
Outside the Wall
73%
Bring the Boys Back Home
69%
Goodbye Cruel World
69%
Waiting for the Worms
68%
Nobody Home
66%
Don't Leave Me Now
63%
Empty Spaces
63%
One of My Turns
63%
Stop
62%
The Show Must Go On
56%
Comfortable Numb
18%
No matching quizzes found
Score Distribution
Percent of People with Each Score
Percentile by Number Answered
Your Score History
You have not taken this quiz